000 00617nam a2200205Ii 4500
003 JO-AjNU
008 230606s9999||||xx |||||||||||||| ||und||
020 _a0-07711103-6
040 _aJO-AjNU
_beng
_erda
_cJO-AjNU
041 _aeng
050 1 4 _aQA76.76.D47.2006
100 3 _aDOAKE,JILL/BRITTON,CAROL,
_eauthor
_94222
245 0 0 _aSoftware System Development Agentle untroductuon
264 3 1 _aLondon:Mcgraw-hill,2006
300 _a301p
336 _atext
_btxt
_2rdacontent
337 _aunmediated
_bn
_2rdamedia
338 _avolume
_bnc
_2rdacarrier
650 4 _aComputer software -- DevelopmentĀ 
_94223
999 _aE2196
_c2194
_d2194